| 000 | 01609nam a2200493 i 4500 | ||
|---|---|---|---|
| 001 | 36857 | ||
| 003 | KOSZ 005 | ||
| 005 | 20230118144824.0 | ||
| 008 | 980711s1995 pl a f |000 0 pol | ||
| 015 | _aPB 1998/15264 | ||
| 020 | _a8386453621 | ||
| 035 | _a991004604799705066 | ||
| 035 | _a(PL-WaBN)b11216177-48omnis_nlop | ||
| 035 | _ab11216177 | ||
| 035 | _a(OCoLC)830125805 | ||
| 035 | _a(PL)b0000001121617 | ||
| 035 | _a(EXLNZ-48OMNIS_NETWORK)9910040989205606 | ||
| 040 |
_aWA N _cWA N _dKOSZ 005/HR |
||
| 041 | 0 |
_apol _beng |
|
| 046 | _k1995 | ||
| 080 | _a517.9 | ||
| 100 | 1 |
_aAwrejcewicz, Jan _d(1952- ) _eAutor |
|
| 245 | 1 | 0 |
_aMetody asymptotyczne - nowa perspektywa poznania / _cJan Awrejcewicz. |
| 260 |
_aŁódź : _bWydaw. PŁ, _c1995. |
||
| 300 |
_a91 s. : _b1 fot., portr., rys., wykr. ; _c24 cm. |
||
| 336 |
_2rdacontent _aTekst _btxt |
||
| 337 |
_2rdamedia _aBezurządzeniapośredniczącego _bn |
||
| 338 |
_2rdacarrier _aWolumin _bnc |
||
| 380 | _aKsiążki | ||
| 380 | _aPublikacje naukowe | ||
| 388 | _a1901-2000 | ||
| 388 | _a1989-2000 | ||
| 490 | 1 | _aMonografie / Politechnika Łódzka | |
| 504 | _aBibliogr. s. 89-90. | ||
| 546 | _aStreszcz. ang. | ||
| 650 | 7 |
_aMetodologia _2DBN |
|
| 650 | 7 |
_aRównania różniczkowe _2DBN |
|
| 658 | _aMatematyka | ||
| 710 | 2 |
_aWydawnictwo Naukowe Politechniki Łódzkiej _4pbl |
|
| 830 | 0 | _aMonografie - Politechnika Łódzka | |
| 856 |
_uhttp://koha.tu.koszalin.pl/cgi-bin/koha/opac-detail.pl?biblionumber=36587 _yKatalog online BPK |
||
| 942 |
_2UKD _cKS |
||
| 999 |
_c36587 _d36587 |
||